Le seul État des États-Unis restant - Statistiques

Statistiques générales
  • Ce quiz a été pris 6 367 fois
  • Le résultat moyen est 21 sur 50
Réponses sur la Carte
Les réponses sont colorées sur une échelle allant du rouge au vert en fonction du pourcentage des utilisateurs qui les ont devinées à leur premier essai. Vous pouvez retrouver ces pourcentages ci-dessous.
 
Statistiques - réponses
Le seul État restant... État % Correct
insulaire Hawaï
93%
à n'avoir aucune frontière avec un autre État Alaska
90%
à avoir une superficie supérieure à celle de la France Texas
87%
à porter le même nom qu'un président des États-Unis Washington
82%
à avoir un parc d'attractions dans l'univers de Disney Floride
76%
frontalier du Mexique Nouveau-Mexique
76%
plus peuplé que Madagascar Californie
69%
à avoir une superficie inférieure celle du Cap-Vert Rhode Island
67%
commençant par la lettre W Wisconsin
63%
dont le nom contient la lettre Z Arizona
61%
à avoir une réplique de la Tour Eiffel de plus de 100m de hauteur Nevada
61%
sur le littoral Pacifique Oregon
61%
à contenir le mot New en anglais New Hampshire
60%
à contenir la lettre J dans son nom New Jersey
56%
dont le nom contient celui d'un pays Géorgie
55%
à avoir un nom en 4 lettres Iowa
55%
à donner plus de 25 grands électeurs aux élections présidentielles New York
55%
à porter le nom d'un grand lac Michigan
50%
à avoir donné son nom à une plage du débarquement Utah
46%
dont le nom est contenu dans celui d'un département français Maine
43%
en 2 mots Virginie-Occidentale
43%
à avoir une frontière avec le Texas Oklahoma
41%
moins peuplé que Washington DC Wyoming
41%
à accueillir l'une des courses automobiles les plus prestigieuses chaque année Indiana
40%
à avoir une frontière avec le Canada Montana
37%
à avoir une capitale homonyme d'une préfecture française Vermont
37%
dont le nom contient celui d'un autre État Arkansas
34%
à avoir une superficie inférieure à celle de Porto Rico Delaware
33%
commençant par une voyelle Idaho
32%
de la Nouvelle Angleterre Connecticut
31%
à n'avoir aucun autre État commençant par la même lettre Louisiane
31%
à être situé entièrement au nord de Clermont-Ferrand Dakota du Nord
30%
à ne pas avoir de drapeau rectangulaire (ou carré) Ohio
28%
à porter le nom d'un fleuve Colorado
27%
officiellement visité par Tintin Illinois
24%
à avoir un site touristique parmi les 10 plus visités des États-Unis Massachussetts
23%
à avoir un accès sur la mer Virginie
23%
à avoir fait partie des 7 premiers États confédérés d'Amérique Mississippi
22%
à avoir accueilli les Jeux Olympiques Missouri
20%
à être triplement enclavé (enclavé par des États eux-mêmes enclavés par des États enclavés Nebraska
20%
à être l'État de naissance d'un président élu au XXIe siècle Pennsylvanie
20%
à avoir été deviné par moins de 40% des personnes sur JetPunk Maryland
19%
à avoir un drapeau composé de 2 couleurs Alabama
18%
à avoir une capitale commençant par la même lettre Caroline du Sud
17%
à avoir un nom alternant consonne et voyelle (cf : rigidité de l'okapi) Dakota du Sud
17%
à avoir une capitale en plusieurs mots Minnesota
16%
à être l'État de naissance d'un astronaute ayant marché sur la Lune Caroline du Nord
15%
à avoir une franchise NBA Tennessee
15%
aux États-Unis Kansas
14%
à ne pas avoir de frontière avec un autre État restant Kentucky
14%
Aucun quiz correspondant
Distribution des résultats
% des personnes avec chaque résultat
Percentile par nombre de réponses
Votre historique - résultats
Vous n’avez pas pris ce quiz